Химия в строительстве. Ч. 2: Химия компонентов неорганических вяжущих веществ | Химия неорганических вяжущих веществ (Запись № 9580330)
[ простой вид ]
| 000 -МАРКЕР | |
|---|---|
| контрольное поле | 01646nam2a2200277 i 4500 |
| 001 - ИДЕНТИФИКАТОР ЗАПИСИ | |
| контрольное поле | RU\NLR\BIBL_A\010664450 |
| 005 - ИДЕНТИФИКАТОР ВЕРСИИ | |
| контрольное поле | 20240921173606.0 |
| 010 ## - МЕЖДУНАРОДНЫЙ СТАНДАРТНЫЙ НОМЕР КНИГИ (ISBN) | |
| Номер (ISBN) | 9785928211004 |
| Уточнения | ч.2 |
| Тираж | 500 |
| 021 ## - НОМЕР ГОСУДАРСТВЕННОЙ РЕГИСТРАЦИИ | |
| Код страны | Российская Федерация |
| Номер | 2014-89545 |
| Номер Листа государственной регистраци | 5441 |
| 035 ## - ДРУГИЕ СИСТЕМНЫЕ НОМЕРА | |
| Идентификатор записи | (NLR Aleph) 010664450 |
| 100 ## - ДАННЫЕ ОБЩЕЙ ОБРАБОТКИ | |
| Данные общей обработки | 20150203d2014 k y0rusy50 ca |
| 101 0# - ЯЗЫК РЕСУРСА | |
| Язык текста, звукозаписи и т.д. | русский |
| 102 ## - СТРАНА ПУБЛИКАЦИИ ИЛИ ПРОИЗВОДСТВА | |
| Страна публикации | Российская Федерация |
| 105 ## - ПОЛЕ КОДИРОВАННЫХ ДАННЫХ: ТЕКСТОВЫЕ МАТЕРИАЛЫ, МОНОГРАФИЧЕСКИЕ | |
| Кодированные данные о монографическом текстовом документе | a|||z|||001yy |
| 200 1# - ЗАГЛАВИЕ И СВЕДЕНИЯ ОБ ОТВЕТСТВЕННОСТИ | |
| Основное заглавие | Химия компонентов неорганических вяжущих веществ |
| -- | Химия неорганических вяжущих веществ |
| 210 ## - ПУБЛИКАЦИЯ, РАСПРОСТРАНЕНИЕ И ДР. | |
| Дата издания, распространения и т.д. | 2014 |
| 215 ## - ФИЗИЧЕСКАЯ ХАРАКТЕРИСТИКА | |
| Специфическое обозначение материала и объем | 123 с. |
| Другие сведения о физической характеристике | ил. |
| 320 ## - ПРИМЕЧАНИЯ О НАЛИЧИИ В ДОКУМЕНТЕ БИБЛИОГРАФИИ / УКАЗАТЕЛЯ | |
| Текст примечания | Библиогр.: с. 120-123 (59 назв.) |
| 461 #0 - УРОВЕНЬ НАБОРА | |
| Встроенное поле | 001RU\NLR\BIBL_A\010681200 |
| -- | 2000#$aХимия в строительстве$fВ.Н. Вернигорова, К.Н. Махамбетова$gМ-во образования и науки Рос. Федерации, Федер. гос. бюджет. образоват. учреждение высш. проф. образования "Пенз. гос. ун-т архитектуры и стр-ва" (ПГУАС)$vЧ. 2 |
| -- | 700#1$aВернигорова$bВ. Н.$gВера Никифоровна |
| Системный номер (АБИС) связанной записи | 9647555 |
| Автор | Вернигорова, В. Н. |
| Место публикации | Пенза |
| Дата публикации | 2014 |
| Первые сведения об ответственности | В.Н. Вернигорова, К.Н. Махамбетова |
| Имя издателя, распространителя и т.д. | Изд-во ПГУАС |
| Заглавие | Химия в строительстве |
| ISBN | 9785928210915 |
| Номер тома | Ч. 2 |
| 606 1# - НАИМЕНОВАНИЕ ТЕМЫ КАК ПРЕДМЕТ | |
| Наименование темы | Вяжущие строительные материалы неорганические |
| Тематический подзаголовок | Химия |
| Системный номер авторитетной/нормативной записи | 2536032 |
| Идентификатор авторитетной/нормативной записи | RU\NLR\AUTH\661501810 |
| 686 1# - ИНДЕКСЫ ДРУГИХ КЛАССИФИКАЦИЙ | |
| Индекс | Л45 |
| 942 ## - ДОПОЛНИТЕЛЬНЫЕ ЭЛЕМЕНТЫ ЗАПИСИ (АБИС) | |
| Тип экземпляра АБИС | Книга |
| 980 ## - КОЛЛЕКЦИЯ | |
| Название коллекции | НБР |
Нет доступных экземпляров.